Airplanes models - Statistics

General Stats
  • This quiz has been taken 596 times
  • The average score is 12 of 14
Answer Stats
Picture Answer % Correct
a380
95%
747
93%
a340
89%
a350
89%
737
86%
a320
86%
787
85%
a330
83%
757
82%
777
82%
a319
82%
767
80%
a318
80%
a321
80%
No matching quizzes found
Score Distribution
Percent of People with Each Score
Percentile by Number Answered
Your Score History
You have not taken this quiz